| 000 | 01447cam a2200169 4500500 | ||
|---|---|---|---|
| 005 | 20260208010247.0 | ||
| 041 | _afre | ||
| 042 | _adc | ||
| 100 | 1 | 0 |
_aWolin, Richard _eauthor |
| 700 | 1 | 0 |
_aDarmon, Claire _eauthor |
| 245 | 0 | 0 | _aI.4. L’affaire Peter Trawny |
| 260 | _c2017. | ||
| 500 | _a9 | ||
| 520 | _aThe recent publication of the first three volumes of Heidegger’s “Black Notebooks” ( Gesamtausgabe volumes 94-96) has given rise to a new genre of apologetics. In seeking to minimize or deny the philosopher’s intellectual support for Third Reich criminality, his more vehement supporters have perpetuated the Master’s obfuscations and dissemblance. One finds a particularly egregious instance of these practices in the case of two recent “essays” by longtime Heidegger editor, Peter Trawny: Heidegger and Anti-Semitism and The Freedom to Wander with Heidegger. This is the same Peter Trawny who, while editing GA ( Die Geschichte des Seyns), saw fit to omit the philosopher’s claim that “one must ask oneself what the basis is for the particular predetermination of the Jewish community for planetary criminality.” In retrospect, this remark stands as an unequivocal incitement to Vernichtung, or genocide. | ||
| 786 | 0 | _nRevue d’Histoire de la Shoah | 207 | 2 | 2017-10-01 | p. 69-96 | 2111-885X | |
| 856 | 4 | 1 | _uhttps://shs.cairn.info/revue-d-histoire-de-la-shoah-2017-2-page-69?lang=fr&redirect-ssocas=7080 |
| 999 |
_c1655769 _d1655769 |
||